000 00963nam a22001937a 4500
003 OSt
005 20260302003335.0
008 260227b |||||||| |||| 00| 0 eng d
040 _aDWCL GS library
_cOC
082 _aFic. D621s 2008
100 _aDixon, Franklin W.
245 _athe hardy boys mystery stories 36
_bthe secret of pirates' hill
_cFranklin W. Dixon
260 _aNew York
_bGrosset & Dunlap
_cc1956
300 _a178
_billustrations
_c19cm
520 _aThe Secret of Pirates' Hill (Hardy Boys, Book 36) by Franklin W. Dixon is a mystery novel where brothers Frank and Joe Hardy investigate a dangerous, sunken treasure hunt. The story begins with the brothers skin diving near Pirates' Hill, where they are attacked by a mysterious diver who attempts to kill Frank by firing a spear through his air hose.
546 _aEnglish
700 _aFranklin W. Dixon
942 _2ddc
_cFIC.
_hFic. D621s 2008
_n0
999 _c8582
_d8582